000 00522nam a2200205Ia 4500
003 OSt
005 20221007112523.0
006 a|||||r|||| 00| 0
007 ta
008 221006b |||||||| |||| 00| 0 eng d
024 _a28,322
037 _cBound Volume
040 _aLCO
_cLCO
_beng
041 _2eng
_aeng
245 0 _aINTERNATIONAL LAW REPORTS
260 _aLondon
_bButterworth and co. pub. ltd. London
_c1946
490 _v51 -1978
942 _cCR
999 _c1197885
_d1197885